[Event "Ukrainian Women - 2013"]
[Site "http://ukrchess.org.ua/"]
[Date "2013.06.19"]
[Round "3.1"]
[White "Tansiura, Maria"]
[Black "Muzychuk, Mariya"]
[Result "1/2-1/2"]
[LiveChessVersion "1.4.2"]
[BlackElo "2484"]
[WhiteElo "2195"]

1. e4 {[%clk 1:30:57]} c5 {[%clk 1:28:49]} 2. Nf3 {[%clk 1:31:22]} a6
{[%clk 1:28:56]} 3. c3 {[%clk 1:31:45]} d5 {[%clk 1:29:13]} 4. exd5
{[%clk 1:32:06]} Qxd5 {[%clk 1:29:38]} 5. d4 {[%clk 1:32:26]} Nf6
{[%clk 1:29:47]} 6. Be2 {[%clk 1:32:42]} e6 {[%clk 1:28:10]} 7. O-O
{[%clk 1:29:13]} Nc6 {[%clk 1:24:32]} 8. h3 {[%clk 1:16:48]} cxd4
{[%clk 1:22:15]} 9. Nxd4 {[%clk 1:16:57]} Nxd4 {[%clk 1:15:05]} 10. cxd4
{[%clk 1:17:08]} Be7 {[%clk 1:14:25]} 11. Nc3 {[%clk 1:15:00]} Qd6
{[%clk 1:14:03]} 12. Bf3 {[%clk 1:09:11]} O-O {[%clk 1:13:31]} 13. Qe2
{[%clk 0:40:49]} Qxd4 {[%clk 0:37:44]} 14. Rd1 {[%clk 0:41:15]} Qa7
{[%clk 0:36:39]} 15. Na4 {[%clk 0:38:43]} Nd7 {[%clk 0:31:10]} 16. Be3
{[%clk 0:38:45]} Qb8 {[%clk 0:31:24]} 17. Rac1 {[%clk 0:34:24]} a5
{[%clk 0:26:12]} 18. Qb5 {[%clk 0:24:49]} Bd6 {[%clk 0:26:18]} 19. Rxc8
{[%clk 0:22:32]} Rxc8 {[%clk 0:22:36]} 20. Qxd7 {[%clk 0:22:55]} Rd8
{[%clk 0:22:45]} 21. Qb5 {[%clk 0:23:15]} Bh2+ {[%clk 0:19:16]} 22. Kh1
{[%clk 0:23:43]} Rxd1+ {[%clk 0:19:09]} 23. Bxd1 {[%clk 0:24:09]} Qd6
{[%clk 0:18:59]} 24. Bf3 {[%clk 0:23:03]} Be5 {[%clk 0:17:11]} 25. Qc5
{[%clk 0:21:06]} Rd8 {[%clk 0:13:26]} 26. Qxd6 {[%clk 0:20:04]} Rxd6
{[%clk 0:13:45]} 27. Nb6 {[%clk 0:20:10]} Bd4 {[%clk 0:04:18]} 28. Nc4
{[%clk 0:20:36]} Rd7 {[%clk 0:04:08]} 29. a4 {[%clk 0:17:41]} Rc7
{[%clk 0:01:57]} 30. b3 {[%clk 0:15:28]} Bxe3 {[%clk 0:01:59]} 31. fxe3
{[%clk 0:15:55]} b6 {[%clk 0:02:23]} 32. Kg1 {[%clk 0:12:29]} Rc5
{[%clk 0:02:00]} 33. Nxb6 {[%clk 0:11:40]} Rc3 {[%clk 0:02:26]} 34. Nc4
{[%clk 0:12:04]} Rxb3 {[%clk 0:02:52]} 35. Bc6 {[%clk 0:12:32]} f5
{[%clk 0:01:31]} 36. Kf2 {[%clk 0:11:05]} Kf7 {[%clk 0:01:50]} 37. Nxa5
{[%clk 0:10:31]} Rb2+ {[%clk 0:02:14]} 38. Kf3 {[%clk 0:10:15]} e5
{[%clk 0:02:33]} 39. Nc4 {[%clk 0:09:46]} e4+ {[%clk 0:02:10]} 40. Kg3
{[%clk 0:39:57]} Ra2 {[%clk 0:32:15]} 41. h4 {[%clk 0:38:58]} Kf6
{[%clk 0:29:19]} 42. a5 {[%clk 0:37:41]} g5 {[%clk 0:29:40]} 43. hxg5+
{[%clk 0:36:34]} Kxg5 {[%clk 0:30:06]} 44. Bb7 {[%clk 0:36:54]} h5
{[%clk 0:28:43]} 45. a6 {[%clk 0:35:16]} h4+ {[%clk 0:27:58]} 46. Kh2
{[%clk 0:34:40]} f4 {[%clk 0:25:34]} 47. Bxe4 {[%clk 0:32:36]} Rxa6
{[%clk 0:24:30]} 48. Bf3 {[%clk 0:31:28]} fxe3 {[%clk 0:21:38]} 49. Nxe3
{[%clk 0:31:51]} Ra1 {[%clk 0:20:44]} 50. Nc2 {[%clk 0:29:46]} Rf1
{[%clk 0:19:15]} 51. Nd4 {[%clk 0:29:30]} Kf4 {[%clk 0:18:35]} 52. Bc6
{[%clk 0:29:20]} Rd1 {[%clk 0:16:26]} 53. Nf3 {[%clk 0:28:51]} Kg4
{[%clk 0:11:30]} 54. Bd7+ {[%clk 0:26:28]} Kh5 {[%clk 0:11:37]} 55. Bb5
{[%clk 0:26:49]} Ra1 {[%clk 0:10:03]} 56. Be2 {[%clk 0:26:53]} Kg4
{[%clk 0:10:00]} 57. Nd4+ {[%clk 0:23:09]} Kf4 {[%clk 0:09:54]} 58. Ne6+
{[%clk 0:22:46]} Kf5 {[%clk 0:09:28]} 59. Nd4+ {[%clk 0:22:48]} 1/2-1/2

[Event "Ukrainian Women - 2013"]
[Site "http://ukrchess.org.ua/"]
[Date "2013.06.19"]
[Round "3.2"]
[White "Kononenko, Tatiana"]
[Black "Zhukova, Natalia"]
[Result "1/2-1/2"]
[LiveChessVersion "1.4.2"]
[BlackElo "2471"]
[WhiteElo "2369"]

1. d4 {[%clk 1:30:37]} Nf6 {[%clk 1:30:44]} 2. c4 {[%clk 1:30:54]} e6
{[%clk 1:31:02]} 3. Nf3 {[%clk 1:31:02]} Bb4+ {[%clk 1:31:05]} 4. Bd2
{[%clk 1:27:46]} a5 {[%clk 1:31:08]} 5. Nc3 {[%clk 1:27:11]} b6 {[%clk 1:30:28]}
6. e3 {[%clk 1:23:01]} Bb7 {[%clk 1:29:51]} 7. Be2 {[%clk 1:22:47]} O-O
{[%clk 1:29:10]} 8. O-O {[%clk 1:22:05]} d5 {[%clk 1:24:34]} 9. cxd5
{[%clk 1:12:48]} exd5 {[%clk 1:24:53]} 10. Ne5 {[%clk 1:08:38]} Nbd7
{[%clk 1:15:26]} 11. Nd3 {[%clk 0:51:12]} Be7 {[%clk 1:01:55]} 12. Qb3
{[%clk 0:43:01]} Re8 {[%clk 0:52:11]} 13. Rad1 {[%clk 0:40:04]} Bd6
{[%clk 0:44:51]} 14. f4 {[%clk 0:30:43]} c6 {[%clk 0:33:37]} 15. Ne5
{[%clk 0:28:17]} b5 {[%clk 0:32:58]} 16. a3 {[%clk 0:24:10]} Nb6 {[%clk 0:20:10]}
17. Bd3 {[%clk 0:20:14]} b4 {[%clk 0:15:05]} 18. axb4 {[%clk 0:15:48]} Bxb4
{[%clk 0:10:54]} 19. Be1 {[%clk 0:08:56]} Qd6 {[%clk 0:04:58]} 20. Ne2
{[%clk 0:05:45]} Ba6 {[%clk 0:03:49]} 21. Bxb4 {[%clk 0:04:49]} axb4
{[%clk 0:03:46]} 22. Rc1 {[%clk 0:04:38]} Bxd3 {[%clk 0:03:12]} 23. Qxd3
{[%clk 0:04:25]} Rec8 {[%clk 0:01:12]} 24. Ng3 {[%clk 0:03:41]} Ra7
{[%clk 0:00:39]} 25. h3 {[%clk 0:02:41]} g6 {[%clk 0:00:35]} 26. e4
{[%clk 0:01:21]} dxe4 {[%clk 0:00:38]} 27. Nxe4 {[%clk 0:01:49]} Nxe4
{[%clk 0:01:03]} 28. Qxe4 {[%clk 0:02:12]} c5 {[%clk 0:01:01]} 29. dxc5
{[%clk 0:01:55]} 1/2-1/2

[Event "Ukrainian Women - 2013"]
[Site "http://ukrchess.org.ua/"]
[Date "2013.06.19"]
[Round "3.3"]
[White "Dolzhykova, Kateryna"]
[Black "Andrenko, Irina"]
[Result "1/2-1/2"]
[LiveChessVersion "1.4.2"]
[BlackElo "2253"]
[WhiteElo "2301"]

1. e4 {[%clk 1:30:55]} c5 {[%clk 1:30:56]} 2. Nf3 {[%clk 1:31:09]} e6
{[%clk 1:31:24]} 3. g3 {[%clk 1:31:14]} Nc6 {[%clk 1:31:28]} 4. Bg2
{[%clk 1:31:12]} Nge7 {[%clk 1:26:48]} 5. O-O {[%clk 1:30:26]} d6
{[%clk 1:24:33]} 6. c3 {[%clk 1:27:34]} g6 {[%clk 1:22:35]} 7. d4
{[%clk 1:27:15]} Bg7 {[%clk 1:21:30]} 8. d5 {[%clk 1:18:49]} exd5
{[%clk 1:19:23]} 9. exd5 {[%clk 1:18:59]} Nb8 {[%clk 1:19:37]} 10. Na3
{[%clk 1:02:25]} O-O {[%clk 1:08:42]} 11. Bf4 {[%clk 0:58:09]} Bg4
{[%clk 0:52:51]} 12. h3 {[%clk 0:56:20]} Bxf3 {[%clk 0:52:25]} 13. Qxf3
{[%clk 0:54:13]} Nc8 {[%clk 0:49:37]} 14. h4 {[%clk 0:49:00]} Nd7
{[%clk 0:46:01]} 15. Nc4 {[%clk 0:43:42]} Ndb6 {[%clk 0:40:16]} 16. Ne3
{[%clk 0:35:42]} Nd7 {[%clk 0:39:06]} 17. h5 {[%clk 0:18:08]} Ne5
{[%clk 0:37:24]} 18. Qe2 {[%clk 0:16:26]} Nb6 {[%clk 0:24:33]} 19. Rad1
{[%clk 0:13:01]} Re8 {[%clk 0:22:40]} 20. Rfe1 {[%clk 0:10:49]} Nec4
{[%clk 0:19:32]} 21. Qc2 {[%clk 0:10:21]} Nxe3 {[%clk 0:18:39]} 22. Bxe3
{[%clk 0:10:39]} Nc4 {[%clk 0:18:08]} 23. Bc1 {[%clk 0:10:19]} Qd7
{[%clk 0:15:20]} 24. b3 {[%clk 0:09:54]} Rxe1+ {[%clk 0:14:49]} 25. Rxe1
{[%clk 0:10:18]} Nb6 {[%clk 0:14:16]} 26. h6 {[%clk 0:10:21]} Bf6
{[%clk 0:13:55]} 27. c4 {[%clk 0:04:14]} Re8 {[%clk 0:12:24]} 28. Rxe8+
{[%clk 0:04:39]} Qxe8 {[%clk 0:12:53]} 29. Bb2 {[%clk 0:05:00]} Qe1+
{[%clk 0:11:03]} 30. Kh2 {[%clk 0:05:06]} Qe7 {[%clk 0:11:08]} 31. Bxf6
{[%clk 0:05:20]} Qxf6 {[%clk 0:11:37]} 32. Qe2 {[%clk 0:04:10]} Kf8
{[%clk 0:11:48]} 33. Qe1 {[%clk 0:02:44]} Nd7 {[%clk 0:05:44]} 34. Qe2
{[%clk 0:02:19]} Qe7 {[%clk 0:03:49]} 35. Qb2 {[%clk 0:02:31]} Qf6
{[%clk 0:03:35]} 36. Qe2 {[%clk 0:01:55]} 1/2-1/2

[Event "Ukrainian Women - 2013"]
[Site "http://ukrchess.org.ua/"]
[Date "2013.06.19"]
[Round "3.4"]
[White "Kalinina, Olga"]
[Black "Osmak, Iulija"]
[Result "1-0"]
[LiveChessVersion "1.4.2"]
[BlackElo "2210"]
[WhiteElo "2292"]

1. e4 {[%clk 1:30:59]} e6 {[%clk 1:30:54]} 2. Nf3 {[%clk 1:31:23]} d5
{[%clk 1:31:19]} 3. Nc3 {[%clk 1:31:50]} Nf6 {[%clk 1:31:44]} 4. e5
{[%clk 1:32:15]} Nfd7 {[%clk 1:32:10]} 5. d4 {[%clk 1:32:35]} c5 {[%clk 1:32:35]}
6. dxc5 {[%clk 1:32:58]} Nc6 {[%clk 1:32:51]} 7. Bf4 {[%clk 1:33:25]} a6
{[%clk 1:33:05]} 8. Bd3 {[%clk 1:32:13]} Nxc5 {[%clk 1:33:14]} 9. O-O
{[%clk 1:31:28]} Be7 {[%clk 1:32:57]} 10. Re1 {[%clk 1:31:32]} O-O
{[%clk 1:32:40]} 11. a3 {[%clk 1:26:24]} f5 {[%clk 1:29:59]} 12. exf6
{[%clk 1:21:59]} Bxf6 {[%clk 1:30:06]} 13. Bg3 {[%clk 1:09:14]} Bd7
{[%clk 1:22:01]} 14. Bd6 {[%clk 1:02:27]} Be7 {[%clk 1:10:59]} 15. Bxe7
{[%clk 1:02:22]} Nxe7 {[%clk 1:11:23]} 16. Bf1 {[%clk 0:52:29]} Rf6
{[%clk 1:06:46]} 17. Qd4 {[%clk 0:42:13]} Rc8 {[%clk 1:04:05]} 18. Rad1
{[%clk 0:42:17]} Qf8 {[%clk 0:50:06]} 19. Qd2 {[%clk 0:31:06]} Be8
{[%clk 0:36:00]} 20. Ne5 {[%clk 0:23:46]} Ng6 {[%clk 0:31:25]} 21. Ng4
{[%clk 0:20:17]} Rf4 {[%clk 0:29:52]} 22. f3 {[%clk 0:20:21]} h5 {[%clk 0:18:27]}
23. Nf2 {[%clk 0:20:46]} Rf6 {[%clk 0:17:58]} 24. Nh3 {[%clk 0:19:00]} Na4
{[%clk 0:16:21]} 25. Nxa4 {[%clk 0:08:27]} Bxa4 {[%clk 0:16:46]} 26. b3
{[%clk 0:08:55]} Be8 {[%clk 0:13:19]} 27. c4 {[%clk 0:08:43]} Qxa3
{[%clk 0:09:43]} 28. cxd5 {[%clk 0:08:19]} Qc5+ {[%clk 0:09:26]} 29. Qe3
{[%clk 0:08:11]} Qxe3+ {[%clk 0:09:05]} 30. Rxe3 {[%clk 0:08:39]} exd5
{[%clk 0:09:12]} 31. Rxd5 {[%clk 0:08:54]} h4 {[%clk 0:07:43]} 32. Ng5
{[%clk 0:08:00]} b5 {[%clk 0:05:42]} 33. b4 {[%clk 0:06:33]} Bc6 {[%clk 0:03:50]}
34. Rc5 {[%clk 0:06:36]} Rd8 {[%clk 0:03:21]} 35. Bd3 {[%clk 0:04:15]} Nf4
{[%clk 0:03:02]} 36. Bc2 {[%clk 0:03:18]} Bd5 {[%clk 0:01:03]} 37. g3
{[%clk 0:02:36]} hxg3 {[%clk 0:01:25]} 38. hxg3 {[%clk 0:03:04]} Ne6
{[%clk 0:01:10]} 39. Rxd5 {[%clk 0:01:20]} Rxd5 {[%clk 0:01:33]} 40. Nxe6
{[%clk 0:31:25]} Rd2 {[%clk 0:31:31]} 41. Bb3 {[%clk 0:29:11]} Kh7
{[%clk 0:28:49]} 42. Ng5+ {[%clk 0:28:58]} Kg6 {[%clk 0:28:32]} 43. Ne4
{[%clk 0:28:32]} Rb2 {[%clk 0:28:15]} 44. Nxf6 {[%clk 0:28:54]} gxf6
{[%clk 0:28:35]} 45. Kf1 {[%clk 0:28:27]} Kg5 {[%clk 0:28:15]} 46. Ke1
{[%clk 0:28:10]} f5 {[%clk 0:28:26]} 47. f4+ {[%clk 0:28:08]} Kg4
{[%clk 0:28:30]} 48. Bd1+ {[%clk 0:27:18]} Kh3 {[%clk 0:28:55]} 49. g4+
{[%clk 0:27:28]} Kh4 {[%clk 0:29:14]} 50. gxf5 {[%clk 0:23:43]} Rxb4
{[%clk 0:29:31]} 51. f6 {[%clk 0:23:14]} Rxf4 {[%clk 0:29:42]} 52. Rf3
{[%clk 0:23:35]} Re4+ {[%clk 0:29:58]} 53. Kf2 {[%clk 0:23:52]} Re8
{[%clk 0:30:23]} 54. f7 {[%clk 0:23:40]} Rf8 {[%clk 0:30:47]} 55. Rf5
{[%clk 0:23:53]} 1-0

[Event "Ukrainian Women - 2013"]
[Site "http://ukrchess.org.ua/"]
[Date "2013.06.19"]
[Round "3.5"]
[White "Gaponenko, Inna"]
[Black "Gritsayeva, Oksana"]
[Result "0-1"]
[LiveChessVersion "1.4.2"]
[BlackElo "2340"]
[WhiteElo "2393"]

1. e4 {[%clk 1:30:57]} c6 {[%clk 1:30:54]} 2. d4 {[%clk 1:28:19]} d5
{[%clk 1:31:02]} 3. e5 {[%clk 1:28:11]} Bf5 {[%clk 1:31:26]} 4. h4
{[%clk 1:23:37]} h6 {[%clk 1:31:07]} 5. g4 {[%clk 1:23:23]} Be4 {[%clk 1:29:51]}
6. f3 {[%clk 1:04:49]} Bh7 {[%clk 1:29:08]} 7. e6 {[%clk 0:34:46]} Qd6
{[%clk 1:28:53]} 8. exf7+ {[%clk 0:29:28]} Kxf7 {[%clk 1:29:00]} 9. Bd3
{[%clk 0:18:16]} Nf6 {[%clk 1:21:31]} 10. Nh3 {[%clk 0:13:42]} Nbd7
{[%clk 1:12:53]} 11. Bxh7 {[%clk 0:12:54]} Rxh7 {[%clk 1:13:05]} 12. g5
{[%clk 0:02:17]} Nh5 {[%clk 1:05:46]} 13. f4 {[%clk 0:02:41]} Ng3
{[%clk 1:02:37]} 14. Rg1 {[%clk 0:00:35]} Qe6+ {[%clk 1:01:45]} 15. Kf2
{[%clk 0:01:04]} Ne4+ {[%clk 1:02:01]} 16. Kg2 {[%clk 0:01:31]} hxg5
{[%clk 1:01:04]} 17. f5 {[%clk 0:01:21]} Qd6 {[%clk 0:56:48]} 18. Nxg5+
{[%clk 0:01:49]} Kg8 {[%clk 0:56:27]} 19. Nxe4 {[%clk 0:02:08]} dxe4
{[%clk 0:56:50]} 20. Bg5 {[%clk 0:02:26]} e6 {[%clk 0:55:50]} 21. fxe6
{[%clk 0:01:42]} Qxe6 {[%clk 0:56:18]} 22. Nc3 {[%clk 0:01:40]} Be7
{[%clk 0:51:38]} 23. d5 {[%clk 0:02:03]} Qg6 {[%clk 0:50:49]} 24. dxc6
{[%clk 0:01:05]} Rxh4 {[%clk 0:47:40]} 25. Qd5+ {[%clk 0:00:49]} Kh7
{[%clk 0:47:50]} 26. Rh1 {[%clk 0:00:37]} Bxg5 {[%clk 0:47:46]} 27. Qxe4
{[%clk 0:00:34]} Nf6 {[%clk 0:46:31]} 28. Qxg6+ {[%clk 0:00:32]} Kxg6
{[%clk 0:46:59]} 29. Rxh4 {[%clk 0:00:56]} Bxh4 {[%clk 0:47:25]} 30. cxb7
{[%clk 0:00:54]} Rb8 {[%clk 0:47:46]} 31. b3 {[%clk 0:00:56]} Rxb7
{[%clk 0:47:37]} 32. Ne2 {[%clk 0:01:12]} Re7 {[%clk 0:46:58]} 33. Kf3
{[%clk 0:00:44]} Nd5 {[%clk 0:45:18]} 34. Rd1 {[%clk 0:00:38]} Re3+
{[%clk 0:42:29]} 35. Kg4 {[%clk 0:01:01]} Nf6+ {[%clk 0:42:38]} 36. Kxh4
{[%clk 0:01:21]} Rxe2 {[%clk 0:42:48]} 37. Rc1 {[%clk 0:00:41]} Re3
{[%clk 0:43:00]} 38. a4 {[%clk 0:00:34]} Kh6 {[%clk 0:43:09]} 0-1

[Event "Ukrainian Women - 2013"]
[Site "http://ukrchess.org.ua/"]
[Date "2013.06.20"]
[Round "4.1"]
[White "Zhukova, Natalia"]
[Black "Kalinina, Olga"]
[Result "1-0"]
[LiveChessVersion "1.4.2"]
[BlackElo "2292"]
[WhiteElo "2471"]

1. Nf3 {[%clk 1:30:52]} d5 {[%clk 1:29:19]} 2. c4 {[%clk 1:31:09]} e6
{[%clk 1:28:44]} 3. d4 {[%clk 1:29:11]} Nf6 {[%clk 1:27:56]} 4. Nc3
{[%clk 1:29:09]} dxc4 {[%clk 1:26:32]} 5. e4 {[%clk 1:26:41]} c5 {[%clk 1:26:30]}
6. d5 {[%clk 1:22:18]} exd5 {[%clk 1:22:50]} 7. e5 {[%clk 1:17:45]} d4
{[%clk 1:14:22]} 8. Bxc4 {[%clk 0:44:28]} dxc3 {[%clk 0:56:25]} 9. Bxf7+
{[%clk 0:44:02]} Ke7 {[%clk 0:53:47]} 10. exf6+ {[%clk 0:44:23]} gxf6
{[%clk 0:54:15]} 11. Bd5 {[%clk 0:38:07]} Bg7 {[%clk 0:43:25]} 12. O-O
{[%clk 0:37:04]} Kf8 {[%clk 0:36:07]} 13. bxc3 {[%clk 0:34:14]} Nd7
{[%clk 0:32:26]} 14. Bc4 {[%clk 0:26:27]} Qe7 {[%clk 0:23:11]} 15. Re1
{[%clk 0:23:41]} Ne5 {[%clk 0:23:20]} 16. Nxe5 {[%clk 0:23:30]} fxe5
{[%clk 0:23:43]} 17. Qd5 {[%clk 0:22:05]} Bg4 {[%clk 0:18:56]} 18. Bg5
{[%clk 0:18:09]} Qc7 {[%clk 0:19:18]} 19. Be3 {[%clk 0:17:12]} Bf6
{[%clk 0:18:34]} 20. Bxc5+ {[%clk 0:12:36]} Kg7 {[%clk 0:18:51]} 21. Bd6
{[%clk 0:12:47]} Qd7 {[%clk 0:18:26]} 22. Bxe5 {[%clk 0:07:36]} Qxd5
{[%clk 0:18:30]} 23. Bxd5 {[%clk 0:07:45]} Bxe5 {[%clk 0:18:39]} 24. Rxe5
{[%clk 0:08:12]} Kf6 {[%clk 0:18:59]} 25. Re4 {[%clk 0:05:32]} Bf5
{[%clk 0:18:37]} 26. Rb4 {[%clk 0:05:43]} Rad8 {[%clk 0:15:51]} 27. Bxb7
{[%clk 0:05:57]} Rd2 {[%clk 0:16:10]} 28. h3 {[%clk 0:02:11]} Rhd8
{[%clk 0:15:24]} 29. c4 {[%clk 0:00:54]} Rb8 {[%clk 0:10:51]} 30. a3
{[%clk 0:00:45]} Rc2 {[%clk 0:09:21]} 31. Bd5 {[%clk 0:01:12]} Re8
{[%clk 0:09:28]} 32. Rb7 {[%clk 0:01:06]} Ree2 {[%clk 0:07:21]} 33. Rxa7
{[%clk 0:00:49]} Kg5 {[%clk 0:07:45]} 34. Rg7+ {[%clk 0:00:48]} Kf6
{[%clk 0:06:54]} 35. Rf7+ {[%clk 0:00:38]} Kg6 {[%clk 0:07:20]} 36. Rf8
{[%clk 0:00:49]} Rcd2 {[%clk 0:03:21]} 37. a4 {[%clk 0:01:12]} Kg5
{[%clk 0:03:41]} 38. a5 {[%clk 0:01:24]} Rxf2 {[%clk 0:03:59]} 39. g4
{[%clk 0:00:53]} 1-0

[Event "Ukrainian Women - 2013"]
[Site "http://ukrchess.org.ua/"]
[Date "2013.06.20"]
[Round "4.2"]
[White "Gritsayeva, Oksana"]
[Black "Muzychuk, Mariya"]
[Result "1/2-1/2"]
[LiveChessVersion "1.4.2"]
[BlackElo "2484"]
[WhiteElo "2340"]

1. e4 {[%clk 1:30:59]} c5 {[%clk 1:30:34]} 2. Nf3 {[%clk 1:31:24]} e6
{[%clk 1:30:50]} 3. c3 {[%clk 1:31:37]} Nf6 {[%clk 1:30:19]} 4. e5
{[%clk 1:32:01]} Nd5 {[%clk 1:30:42]} 5. d4 {[%clk 1:31:47]} cxd4
{[%clk 1:30:35]} 6. cxd4 {[%clk 1:32:11]} d6 {[%clk 1:30:35]} 7. Bc4
{[%clk 1:30:22]} Nc6 {[%clk 1:30:26]} 8. O-O {[%clk 1:29:59]} Be7
{[%clk 1:30:34]} 9. Qe2 {[%clk 1:28:55]} O-O {[%clk 1:29:03]} 10. Nc3
{[%clk 1:28:26]} Nxc3 {[%clk 1:25:29]} 11. bxc3 {[%clk 1:28:51]} dxe5
{[%clk 1:25:53]} 12. dxe5 {[%clk 1:29:12]} b6 {[%clk 1:21:38]} 13. Bd3
{[%clk 1:26:39]} Bb7 {[%clk 1:19:59]} 14. Qe4 {[%clk 1:23:57]} g6
{[%clk 1:19:57]} 15. Bh6 {[%clk 1:23:23]} Na5 {[%clk 1:14:43]} 16. Qe3
{[%clk 1:21:50]} Re8 {[%clk 1:13:54]} 17. Rfe1 {[%clk 1:10:59]} Rc8
{[%clk 0:52:26]} 18. Bb5 {[%clk 1:08:23]} Bc6 {[%clk 0:52:11]} 19. Ba6
{[%clk 1:06:21]} Rc7 {[%clk 0:47:21]} 20. Nd4 {[%clk 0:58:19]} Qd5
{[%clk 0:40:08]} 21. Nxc6 {[%clk 0:54:48]} Qxc6 {[%clk 0:39:19]} 22. Qe2
{[%clk 0:54:35]} Nc4 {[%clk 0:37:57]} 23. a4 {[%clk 0:52:41]} Rd8
{[%clk 0:37:34]} 24. Rad1 {[%clk 0:47:19]} Rd5 {[%clk 0:17:36]} 25. Bb5
{[%clk 0:42:32]} Qc5 {[%clk 0:17:49]} 26. Rxd5 {[%clk 0:42:08]} exd5
{[%clk 0:17:13]} 27. Qf3 {[%clk 0:36:39]} Na3 {[%clk 0:12:47]} 28. e6
{[%clk 0:23:59]} f6 {[%clk 0:12:44]} 29. Be8 {[%clk 0:20:00]} Qxc3
{[%clk 0:11:39]} 30. Bf7+ {[%clk 0:20:17]} Kh8 {[%clk 0:12:06]} 31. Rd1
{[%clk 0:20:09]} Qxf3 {[%clk 0:10:28]} 32. gxf3 {[%clk 0:20:37]} Rc5
{[%clk 0:10:25]} 33. Be3 {[%clk 0:16:19]} Ra5 {[%clk 0:10:03]} 34. Be8
{[%clk 0:16:06]} Nc4 {[%clk 0:08:54]} 35. Bd4 {[%clk 0:15:00]} Nd6
{[%clk 0:01:55]} 36. Bd7 {[%clk 0:13:58]} Nf5 {[%clk 0:01:55]} 37. Bb5
{[%clk 0:11:08]} Nxd4 {[%clk 0:01:35]} 38. Rxd4 {[%clk 0:11:32]} a6
{[%clk 0:01:42]} 39. Bc6 {[%clk 0:11:41]} Rc5 {[%clk 0:01:38]} 40. Bxd5
{[%clk 0:42:02]} Kg7 {[%clk 0:31:59]} 41. Bb7 {[%clk 0:41:10]} Re5
{[%clk 0:22:48]} 42. Rd7 {[%clk 0:40:55]} Rxe6 {[%clk 0:23:01]} 43. Bxa6
{[%clk 0:41:20]} f5 {[%clk 0:22:06]} 44. Bc4 {[%clk 0:40:38]} Re1+
{[%clk 0:20:04]} 45. Kg2 {[%clk 0:41:04]} Kf6 {[%clk 0:19:35]} 46. Rb7
{[%clk 0:41:07]} Bc5 {[%clk 0:19:10]} 47. f4 {[%clk 0:40:36]} Re7
{[%clk 0:19:04]} 48. Rxe7 {[%clk 0:40:49]} 1/2-1/2

[Event "Ukrainian Women - 2013"]
[Site "http://ukrchess.org.ua/"]
[Date "2013.06.20"]
[Round "4.3"]
[White "Gaponenko, Inna"]
[Black "Kononenko, Tatiana"]
[Result "1/2-1/2"]
[LiveChessVersion "1.4.2"]
[BlackElo "2369"]
[WhiteElo "2393"]

1. e4 {[%clk 1:30:52]} e6 {[%clk 1:30:46]} 2. d4 {[%clk 1:31:13]} d5
{[%clk 1:30:57]} 3. exd5 {[%clk 1:31:16]} exd5 {[%clk 1:31:15]} 4. Nf3
{[%clk 1:31:32]} Bd6 {[%clk 1:31:09]} 5. c4 {[%clk 1:31:46]} Nf6 {[%clk 1:29:03]}
6. Nc3 {[%clk 1:32:03]} dxc4 {[%clk 1:27:10]} 7. Bxc4 {[%clk 1:32:10]} O-O
{[%clk 1:27:04]} 8. O-O {[%clk 1:32:09]} Nc6 {[%clk 1:26:22]} 9. h3
{[%clk 1:32:16]} h6 {[%clk 1:26:01]} 10. Re1 {[%clk 1:31:58]} Bf5 11. Ne5
{[%clk 1:29:53]} Bxe5 {[%clk 1:20:24]} 12. dxe5 {[%clk 1:30:11]} Qxd1
{[%clk 1:20:43]} 13. Nxd1 {[%clk 1:30:33]} Nd7 {[%clk 1:20:43]} 14. f4
{[%clk 1:28:55]} Nb6 {[%clk 1:20:49]} 15. Bf1 {[%clk 1:29:03]} Nd4
{[%clk 1:19:39]} 16. Ne3 {[%clk 1:28:39]} Be6 {[%clk 1:19:02]} 17. b3
{[%clk 1:28:06]} Rad8 {[%clk 1:17:22]} 18. Bb2 1/2-1/2

[Event "Ukrainian Women - 2013"]
[Site "http://ukrchess.org.ua/"]
[Date "2013.06.20"]
[Round "4.4"]
[White "Andrenko, Irina"]
[Black "Tansiura, Maria"]
[Result "1/2-1/2"]
[LiveChessVersion "1.4.2"]
[BlackElo "2195"]
[WhiteElo "2253"]

1. Nf3 {[%clk 1:30:54]} g6 {[%clk 1:30:56]} 2. g3 {[%clk 1:31:14]} Bg7
{[%clk 1:31:21]} 3. Bg2 {[%clk 1:31:40]} Nf6 {[%clk 1:30:59]} 4. O-O
{[%clk 1:31:49]} O-O {[%clk 1:31:23]} 5. d4 {[%clk 1:32:06]} d5 {[%clk 1:31:33]}
6. c4 {[%clk 1:31:22]} dxc4 {[%clk 1:31:58]} 7. Nc3 {[%clk 1:31:41]} c5
{[%clk 1:30:56]} 8. dxc5 {[%clk 1:24:59]} Qc7 {[%clk 1:28:03]} 9. Qd4
{[%clk 1:22:59]} Na6 {[%clk 1:21:54]} 10. Qxc4 {[%clk 1:17:39]} Qxc5
{[%clk 1:19:36]} 11. Qh4 {[%clk 1:15:03]} Qb4 {[%clk 1:13:57]} 12. Qxb4
{[%clk 0:54:47]} Nxb4 {[%clk 1:14:21]} 13. Bf4 {[%clk 0:55:10]} Rd8
{[%clk 0:47:27]} 14. Rfd1 {[%clk 0:52:31]} Be6 {[%clk 0:39:54]} 15. Ng5
{[%clk 0:30:23]} Bd5 {[%clk 0:31:48]} 16. a3 {[%clk 0:24:11]} Nc2
{[%clk 0:25:25]} 17. Rac1 {[%clk 0:21:27]} Bxg2 {[%clk 0:25:39]} 18. Rxd8+
{[%clk 0:19:26]} Rxd8 {[%clk 0:26:03]} 19. Kxg2 {[%clk 0:19:48]} Nd4
{[%clk 0:26:27]} 20. Rd1 {[%clk 0:19:24]} Nc6 {[%clk 0:22:25]} 21. Rxd8+
{[%clk 0:19:08]} 1/2-1/2

[Event "Ukrainian Women - 2013"]
[Site "http://ukrchess.org.ua/"]
[Date "2013.06.20"]
[Round "4.5"]
[White "Osmak, Iulija"]
[Black "Dolzhykova, Kateryna"]
[Result "0-1"]
[LiveChessVersion "1.4.2"]
[BlackElo "2301"]
[WhiteElo "2210"]

1. e4 {[%clk 1:30:56]} c5 {[%clk 1:30:07]} 2. c3 {[%clk 1:31:14]} Nf6
{[%clk 1:29:43]} 3. e5 {[%clk 1:31:36]} Nd5 {[%clk 1:29:55]} 4. Nf3
{[%clk 1:32:01]} d6 {[%clk 1:29:17]} 5. Bc4 {[%clk 1:26:01]} dxe5
{[%clk 1:26:09]} 6. Nxe5 {[%clk 1:25:47]} e6 {[%clk 1:21:55]} 7. d4
{[%clk 1:18:37]} Bd6 {[%clk 1:10:57]} 8. Qg4 {[%clk 1:14:52]} Kf8
{[%clk 0:57:06]} 9. O-O {[%clk 1:10:32]} Nd7 {[%clk 0:53:42]} 10. Qh5
{[%clk 1:04:45]} Qe7 {[%clk 0:43:15]} 11. Re1 {[%clk 0:56:17]} N7f6
{[%clk 0:39:11]} 12. Qf3 {[%clk 0:56:26]} cxd4 {[%clk 0:35:52]} 13. cxd4
{[%clk 0:56:43]} b6 {[%clk 0:34:18]} 14. Bxd5 {[%clk 0:42:22]} Nxd5
{[%clk 0:31:55]} 15. Bg5 {[%clk 0:41:29]} f6 {[%clk 0:30:19]} 16. Bh4
{[%clk 0:37:32]} Bb7 {[%clk 0:25:51]} 17. Na3 {[%clk 0:26:57]} Rg8
{[%clk 0:14:19]} 18. Nac4 {[%clk 0:18:27]} Bb8 {[%clk 0:10:37]} 19. a3
{[%clk 0:16:47]} g5 {[%clk 0:10:27]} 20. Bg3 {[%clk 0:15:51]} Kg7
{[%clk 0:07:05]} 21. Nd3 {[%clk 0:12:17]} Nf4 {[%clk 0:05:52]} 22. Qe3
{[%clk 0:11:50]} Bd5 {[%clk 0:05:29]} 23. Bxf4 {[%clk 0:10:47]} gxf4
{[%clk 0:04:34]} 24. Qc1 {[%clk 0:11:04]} Kh8 {[%clk 0:03:48]} 25. g3
{[%clk 0:11:19]} fxg3 {[%clk 0:03:25]} 26. fxg3 {[%clk 0:11:43]} Bxg3
{[%clk 0:02:39]} 27. hxg3 {[%clk 0:12:08]} Rxg3+ {[%clk 0:03:02]} 28. Kf2
{[%clk 0:11:06]} Rxd3 {[%clk 0:03:07]} 29. Re3 {[%clk 0:11:21]} Rxd4
{[%clk 0:03:13]} 30. b3 {[%clk 0:11:12]} Rg8 {[%clk 0:03:24]} 31. Qc3
{[%clk 0:11:24]} Rf4+ {[%clk 0:03:35]} 32. Ke2 {[%clk 0:11:43]} Rg2+
{[%clk 0:03:36]} 33. Kd1 {[%clk 0:12:03]} Bxc4 {[%clk 0:03:46]} 34. bxc4
{[%clk 0:12:25]} Rf1+ {[%clk 0:03:40]} 35. Re1 {[%clk 0:12:51]} Qd6+
{[%clk 0:04:03]} 36. Kc1 {[%clk 0:13:17]} Qf4+ {[%clk 0:04:27]} 37. Kd1
{[%clk 0:13:34]} Qg4+ {[%clk 0:04:51]} 38. Kc1 {[%clk 0:13:59]} Rxe1+
{[%clk 0:05:17]} 39. Qxe1 {[%clk 0:14:24]} Qxc4+ {[%clk 0:05:41]} 0-1